Diseño experimental y optimización de procesos

Uloženo v:
Podrobná bibliografie
Hlavní autoři: Rodrigues, Maria Isabel (Autor), Iemma, Antonio Francisco (Autor)
Médium: Kniha
Jazyk:španělština
Vydáno: Campinas Casa do Espírito Amigo Fraternidade Fé e Amor 2012
Témata:
Tagy: Přidat tag
Žádné tagy, Buďte první, kdo vytvoří štítek k tomuto záznamu!

MARC

LEADER 00000cam a2200000 a 4500
001 UCF2978
003 CL-VaPUC
008 120914e20120000BL |||||||||||||||||spa|d
020 |a 9788560616114 
082 0 4 |a 519.7  |b ROD  |2 21 
100 0 |a Rodrigues, Maria Isabel  |e author  |9 564865 
700 0 |a Iemma, Antonio Francisco  |e author  |9 564866 
245 1 0 |a Diseño experimental y optimización de procesos 
300 |a 358 p 
942 |c BK 
945 |d 20120914 00:00:00  |a dcastane 
260 |a Campinas  |b Casa do Espírito Amigo Fraternidade Fé e Amor  |c 2012 
500 |a Incluye DVD 
650 0 |a Optimización matemática  |9 259780 
650 0 |a Diseño de experimentos  |9 260691 
583 |a last modification  |c 20120914 00:13:00  |k Rodrigo Vera 
999 |c 349516  |d 349514 
952 |0 0  |1 0  |4 0  |6 519_700000000000000_ROD_2012  |7 0  |8 A  |9 452144  |a BIBALI  |b BIBALI  |c GEN  |d 2019-11-22  |i 4901959  |l 8  |m 4  |o 519.7 ROD 2012  |p 4901959  |r 2025-01-20  |s 2024-12-05  |w 2019-11-22  |y BK  |k ALI